| 000 | 00520nam a2200181 i 4500 | ||
|---|---|---|---|
| 001 | 140189 | ||
| 003 | ES-MaACL | ||
| 005 | 20230906200028.0 | ||
| 007 | t| | ||
| 008 | 070214s1969 sp r ||||1| spa d | ||
| 080 | _a342.731 | ||
| 100 | 1 |
_aSegarra, Francisco. _9105117 |
|
| 245 | 1 | 0 |
_aPropaganda religiosa : _bnuevos datos y aclaraciones / _cP. Francisco Segarra, S. J. |
| 260 |
_aBarcelona : _bCasals, _c1969. |
||
| 300 |
_a110 p. ; _c20 cm. |
||
| 650 | 4 |
_aLibertad religiosa. _914416 |
|
| 852 | 4 |
_aES-MaACL _jC-46966 |
|
| 999 |
_c140189 _d140189 |
||